000 01551nam a22002897a 4500
005 2010072206296.0
010 _aHIN-89780 B-442466
020 _a9788175660670
_c350.00
035 _aHN-62126
035 _aB-442466
037 _bDBAD / PUB
037 _bआर.बी.सी
082 _a
100 _aभारती, चिन्नप्प
_9656
245 _aप्यास:
_b(उपन्यास) /
_cचिन्नप्प भारती ; राधा जनार्दन द्वारा अनुदित
246 _aPyaas
_bby Chinnappa Bharti
260 _aदिल्ली
_bअविराम प्रकाशन
_c2010
270 _a29/62, पहली मंजिल, गली नं. 11, विश्वास नगर
_bदिल्ली
_e110032
300 _a240 पृ.
_c22सेमी (सजिल्द)
650 _aहिन्दी कथा साहित्य
_9657
650 _aHindi Katha Sahitya
_9658
700 _aजनार्दन, राधा
_9659
942 _2ddc
_cHN
_h
_mभारती
999 _c37180
_d37180